<?xml version="1.0" encoding="UTF-8"?>
<record
    xmlns:xsi="http://www.w3.org/2001/XMLSchema-instance"
    xsi:schemaLocation="http://www.loc.gov/MARC21/slim http://www.loc.gov/standards/marcxml/schema/MARC21slim.xsd"
    xmlns="http://www.loc.gov/MARC21/slim">

  <leader>02264nam a2200289 i 4500</leader>
  <controlfield tag="003">DO-SdBNP</controlfield>
  <controlfield tag="005">20250731145420.0</controlfield>
  <controlfield tag="007">ta</controlfield>
  <controlfield tag="008">250421b2024    dr a|||| |||| 00| 0 spa d</controlfield>
  <datafield tag="020" ind1=" " ind2=" ">
    <subfield code="a">9789945188486</subfield>
  </datafield>
  <datafield tag="040" ind1=" " ind2=" ">
    <subfield code="a">DO-SdBNP</subfield>
    <subfield code="b">spa</subfield>
    <subfield code="c">BNPHU</subfield>
    <subfield code="e">rda</subfield>
  </datafield>
  <datafield tag="041" ind1=" " ind2=" ">
    <subfield code="a">spa</subfield>
  </datafield>
  <datafield tag="082" ind1=" " ind2="4">
    <subfield code="a">523.12 </subfield>
    <subfield code="b">V297a</subfield>
    <subfield code="2">22</subfield>
  </datafield>
  <datafield tag="100" ind1="1" ind2=" ">
    <subfield code="a">Vargas L&#xF3;pez, Rafael Antonio,</subfield>
    <subfield code="e">autor</subfield>
    <subfield code="4">aut.</subfield>
    <subfield code="9">87204</subfield>
  </datafield>
  <datafield tag="245" ind1="1" ind2="3">
    <subfield code="a">El abrazo de la eternidad : </subfield>
    <subfield code="b">danza con la singularidad /</subfield>
    <subfield code="c">Rafael Antonio Vargas L&#xF3;pez</subfield>
  </datafield>
  <datafield tag="264" ind1=" " ind2="4">
    <subfield code="a">Santo Domingo :</subfield>
    <subfield code="b">Editor no identificado,</subfield>
    <subfield code="c">&#xA9;2024.</subfield>
  </datafield>
  <datafield tag="300" ind1=" " ind2=" ">
    <subfield code="a">554 p&#xE1;ginas :</subfield>
    <subfield code="b">ilustraciones ;</subfield>
    <subfield code="c">23 cm.</subfield>
  </datafield>
  <datafield tag="336" ind1=" " ind2=" ">
    <subfield code="a">texto</subfield>
    <subfield code="b">txt</subfield>
    <subfield code="2">rdacontent</subfield>
  </datafield>
  <datafield tag="337" ind1=" " ind2=" ">
    <subfield code="a">sin mediaci&#xF3;n</subfield>
    <subfield code="b">n</subfield>
    <subfield code="2">rdamedia</subfield>
  </datafield>
  <datafield tag="338" ind1=" " ind2=" ">
    <subfield code="a">volumen</subfield>
    <subfield code="b">nc</subfield>
    <subfield code="2">rdacarrier</subfield>
  </datafield>
  <datafield tag="505" ind1=" " ind2=" ">
    <subfield code="a">Ra&#xED;ces de gratitud --</subfield>
    <subfield code="t">La conferencia mundial --</subfield>
    <subfield code="t">La vida de Rael --</subfield>
    <subfield code="t">El cielo de los elegidos --</subfield>
    <subfield code="t">El infierno interior --</subfield>
    <subfield code="t">La trascendencia infinita --</subfield>
    <subfield code="t">Los susurros de liana --</subfield>
    <subfield code="t">Los susurros de liana --</subfield>
    <subfield code="t">El espejo del alma --</subfield>
    <subfield code="t">La convergencia de los caminos --</subfield>
    <subfield code="t">Reflejos cu&#xE1;nticos del alma --</subfield>
    <subfield code="t">El l&#xE1;piz, el cristal y el beso --</subfield>
    <subfield code="t">El eco del atractor --</subfield>
    <subfield code="t">El enigma --</subfield>
    <subfield code="t">El laberinto de la mente --</subfield>
    <subfield code="t">La seducci&#xF3;n de la inmortalidad --</subfield>
    <subfield code="t">El presagio del enfrentamiento --</subfield>
    <subfield code="t">El &#xFA;ltimo reflejo --</subfield>
    <subfield code="t">El llamado de la eternidad --</subfield>
    <subfield code="t">La danza con la singularidad --</subfield>
  </datafield>
  <datafield tag="505" ind1=" " ind2=" ">
    <subfield code="a">Cap&#xED;tulo 1. Ra&#xED;ces de gratitud -- Cap&#xED;tulo 2. La conferencia mundial -- Cap&#xED;tulo 3. La vida de Rael -- Cap&#xED;tulo 4. El cielo de los elegidos -- Cap&#xED;tulo 5. El infierno interior -- Cap&#xED;tulo 6. La trascendencia infinita -- Cap&#xED;tulo 7. Los susurros de liana -- Cap&#xED;tulo 8. Los lazos que nos unen -- Cap&#xED;tulo 9. El espejo del alma -- Cap&#xED;tulo 10. La convergencia de los caminos -- Cap&#xED;tulo 11. Reflejos cu&#xE1;nticos del alma -- Capitulo 12. El l&#xE1;piz, el cristal y el beso -- Cap&#xED;tulo 13. El eco del atractor -- Capitulo 14. El enigma -- Capitulo 15. El laberinto de la mente --Capitulo 16. La seducci&#xF3;n de la inmortalidad -- Capitulo 17. El presagio del enfrentamiento -- Capitulo 18. El &#xFA;ltimo reflejo -- Capitulo 19. El llamado de la eternidad -- Capitulo 20. La danza con la singularidad</subfield>
  </datafield>
  <datafield tag="590" ind1=" " ind2=" ">
    <subfield code="a">Inventariado, 2025/BT</subfield>
  </datafield>
  <datafield tag="650" ind1=" " ind2="4">
    <subfield code="a"> Cosmolog&#xED;a</subfield>
    <subfield code="9">1848</subfield>
  </datafield>
  <datafield tag="910" ind1=" " ind2=" ">
    <subfield code="a">Btav&#xE1;rez. Valida. Control de Calidad/MAA</subfield>
  </datafield>
  <datafield tag="942" ind1=" " ind2=" ">
    <subfield code="2">ddc</subfield>
    <subfield code="c">LBS1</subfield>
  </datafield>
  <datafield tag="952" ind1=" " ind2=" ">
    <subfield code="0">0</subfield>
    <subfield code="1">0</subfield>
    <subfield code="2">ddc</subfield>
    <subfield code="5">1</subfield>
    <subfield code="7">0</subfield>
    <subfield code="8">PD</subfield>
    <subfield code="a">BNPHU</subfield>
    <subfield code="b">BNPHU</subfield>
    <subfield code="c">HD</subfield>
    <subfield code="d">2025-02-07</subfield>
    <subfield code="e">Dep&#xF3;sito Legal</subfield>
    <subfield code="l">0</subfield>
    <subfield code="o">BNPHU PD 523.12 V297a </subfield>
    <subfield code="p">2025-1877</subfield>
    <subfield code="r">2025-03-14</subfield>
    <subfield code="w">2025-03-14</subfield>
    <subfield code="y">LBS1</subfield>
  </datafield>
  <datafield tag="952" ind1=" " ind2=" ">
    <subfield code="0">0</subfield>
    <subfield code="1">0</subfield>
    <subfield code="2">ddc</subfield>
    <subfield code="5">1</subfield>
    <subfield code="7">0</subfield>
    <subfield code="8">PD</subfield>
    <subfield code="a">BNPHU</subfield>
    <subfield code="b">BNPHU</subfield>
    <subfield code="c">HD</subfield>
    <subfield code="d">2025-02-07</subfield>
    <subfield code="e">Dep&#xF3;sito Legal</subfield>
    <subfield code="l">0</subfield>
    <subfield code="o">BNPHU PD 523.12 V297a </subfield>
    <subfield code="p">2025-1878</subfield>
    <subfield code="r">2025-03-14</subfield>
    <subfield code="t">e.2</subfield>
    <subfield code="w">2025-03-14</subfield>
    <subfield code="y">LBS1</subfield>
  </datafield>
  <datafield tag="952" ind1=" " ind2=" ">
    <subfield code="0">0</subfield>
    <subfield code="1">0</subfield>
    <subfield code="2">ddc</subfield>
    <subfield code="5">6</subfield>
    <subfield code="7">0</subfield>
    <subfield code="8">DS</subfield>
    <subfield code="a">BNPHU</subfield>
    <subfield code="b">BNPHU</subfield>
    <subfield code="c">HD</subfield>
    <subfield code="d">2025-02-07</subfield>
    <subfield code="e">Dep&#xF3;sito Legal</subfield>
    <subfield code="l">0</subfield>
    <subfield code="o">BNPHU DS 523.12 V297a </subfield>
    <subfield code="p">2025-1879</subfield>
    <subfield code="r">2025-03-14</subfield>
    <subfield code="t">e.3</subfield>
    <subfield code="w">2025-03-14</subfield>
    <subfield code="y">LBS1</subfield>
  </datafield>
  <datafield tag="999" ind1=" " ind2=" ">
    <subfield code="c">58428</subfield>
    <subfield code="d">58428</subfield>
  </datafield>
</record>
